000 00571nam a2200193 a 4500
001 000022670
005 20200930021729.0
008 101014s1997 es 001 0 spa d
020 _a8423988112
040 _aDO-SdBNP
_bspa
_cBNPHU
082 _axxxx
_bT654A
100 1 _aTolstoi, León
_946625
245 1 0 _aAna Karenina /
_cLeón Tolstoi.
260 _aMadrid, :
_bEditorial Espasa Calpe,
_c1997.
_fHuertas
300 _a759 p. ;
_c22 cm.
490 1 _aAntología de la literatura universal
830 0 _aAntología de la literatura universa
_946616
049 _aBNPD
999 _c22167
_d22167